[Event "IECG CP.2003.P.00005 email"]
[Site "IECG email"]
[Date "2003.10.01"]
[Round "?"]
[White "Koch, Michael B"]
[Black "Cordova, Isaac"]
[Result "1-0"]
[WhiteElo "1050"]
[BlackElo "967"]
[PlyCount "39"]
[EventDate "2003.10.01"]
[EventType "tourn (corr)"]
[EventRounds "6"]
[EventCountry "NED"]
[SourceTitle "Corr 2008"]
[Source "ChessBase"]
[SourceDate "2008.06.24"]
[SourceVersion "1"]
[SourceVersionDate "2008.06.24"]
[SourceQuality "1"]

1. f4 e5 2. fxe5 Nc6 3. Nf3 Bc5 4. e3 d5 5. Bb5 Bg4 6. Bxc6+ bxc6 7. d4 Bb6 8. 0-0 c5 9. c3 Ne7 10. Qe1 Bxf3 11. Rxf3 0-0 12. Nd2 cxd4 13. cxd4 c5 14. Nb3 cxd4 15. exd4 Nc6 16. Be3 a5 17. a4 Rc8 18. Qg3 g6 19. Raf1 Rc7 20. Qf2 1-0

[Event "IECG QE.2003.0.00043"]
[Site "IECG email"]
[Date "2003.04.10"]
[Round "1"]
[White "Cordova, Isaac"]
[Black "Trevis, Robert R"]
[Result "0-1"]
[WhiteElo "1200"]
[BlackElo "1387"]
[PlyCount "54"]
[EventDate "2003.04.10"]
[EventType "tourn (corr)"]
[EventRounds "6"]
[SourceTitle "Corr 2008"]
[Source "ChessBase"]
[SourceDate "2008.06.24"]
[SourceVersion "1"]
[SourceVersionDate "2008.06.24"]
[SourceQuality "1"]

1. e4 d5 2. exd5 Qxd5 3. d3 Nf6 4. Nc3 Qa5 5. Nf3 e5 6. Be2 Nc6 7. a3 Be6 8. 0-0 Be7 9. Bg5 Qb6 10. b4 0-0-0 11. Be3 Nd4 12. Nxe5 c5 13. Na4 Qc7 14. Bxd4 cxd4 15. Nc4 b5 16. c3 bxc4 17. cxd4 Rxd4 18. h3 Bd6 19. Bf3 Rxd3 20. Qe2 Re8 21. Qxd3 cxd3 22. Rac1 Qc2 23. Rxc2+ dxc2 24. g3 Bxh3 25. Rc1 Bf5 26. Kg2 Re7 27. Bd1 Re1 0-1

[Event "IECG TG-2003-0-14845"]
[Site "IECG email"]
[Date "2003.04.10"]
[Round "1"]
[White "Ruchay, Joachim"]
[Black "Cordova, Isaac"]
[Result "1-0"]
[WhiteElo "1174"]
[BlackElo "1200"]
[PlyCount "31"]
[EventDate "2003.04.10"]
[EventType "tourn (corr)"]
[EventRounds "6"]
[SourceTitle "Corr 2024"]
[Source "ChessBase"]
[SourceDate "2023.10.19"]
[SourceVersion "1"]
[SourceVersionDate "2023.10.19"]
[SourceQuality "1"]

1. d4 d5 2. c4 Nf6 3. Nf3 dxc4 4. Nc3 Nc6 5. e4 e5 6. d5 Nd4 7. Nxd4 exd4 8. Qxd4 Be6 9. Bxc4 c6 10. Be3 cxd5 11. Nxd5 Nxd5 12. Bxd5 Bxd5 13. Qxd5 Bb4+ 14. Ke2 Qxd5 15. exd5 0-0 16. Rad1 1-0

[Event "IECG TG-2003-0-14844"]
[Site "IECG email"]
[Date "2003.04.10"]
[Round "1"]
[White "Verhaeren, Gertjan"]
[Black "Cordova, Isaac"]
[Result "1-0"]
[WhiteElo "1200"]
[BlackElo "1200"]
[PlyCount "43"]
[EventDate "2003.04.10"]
[EventType "tourn (corr)"]
[EventRounds "6"]
[SourceTitle "Corr 2024"]
[Source "ChessBase"]
[SourceDate "2023.10.19"]
[SourceVersion "1"]
[SourceVersionDate "2023.10.19"]
[SourceQuality "1"]

1. d4 d5 2. c4 e6 3. Nc3 Bb4 4. Qa4+ Nc6 5. Nf3 Bxc3+ 6. bxc3 Nge7 7. cxd5 exd5 8. Bf4 0-0 9. e3 Bd7 10. Be2 Ne5 11. Qb3 Nxf3+ 12. Bxf3 Bc6 13. 0-0 f6 14. c4 g5 15. Bxc7 Qxc7 16. cxd5 Nxd5 17. Bxd5+ Bxd5 18. Qxd5+ Kg7 19. f4 Qc3 20. Qxb7+ Kh8 21. Qf3 Rae8 22. Rfe1 1-0

[Event "IECG QE.2003.0.00039"]
[Site "IECG email"]
[Date "2003.03.11"]
[Round "2"]
[White "Cordova, Isaac"]
[Black "Schoenbach, Patrick"]
[Result "0-1"]
[WhiteElo "1200"]
[BlackElo "1332"]
[PlyCount "30"]
[EventDate "2003.03.11"]
[EventType "tourn (corr)"]
[EventRounds "6"]
[SourceTitle "Corr 2024"]
[Source "ChessBase"]
[SourceDate "2023.10.19"]
[SourceVersion "1"]
[SourceVersionDate "2023.10.19"]
[SourceQuality "1"]

1. e4 c5 2. Nf3 Nc6 3. Bb5 Nf6 4. Bxc6 dxc6 5. 0-0 Nxe4 6. Re1 Nf6 7. d4 e6 8. Bg5 cxd4 9. Nxd4 Be7 10. Nc3 0-0 11. Qd2 c5 12. Bxf6 Bxf6 13. Nf3 Qxd2 14. Nxd2 Bxc3 15. Ne4 Bxe1 0-1

[Event "IECG QE.2003.0.00039"]
[Site "IECG email"]
[Date "2003.03.11"]
[Round "2"]
[White "Dehombreux, Pierre"]
[Black "Cordova, Isaac"]
[Result "1/2-1/2"]
[WhiteElo "1200"]
[BlackElo "1200"]
[PlyCount "85"]
[EventDate "2003.03.11"]
[EventType "tourn (corr)"]
[EventRounds "6"]
[SourceTitle "Corr 2008"]
[Source "ChessBase"]
[SourceDate "2008.06.24"]
[SourceVersion "1"]
[SourceVersionDate "2008.06.24"]
[SourceQuality "1"]

1. e4 e5 2. Nf3 Nc6 3. d4 exd4 4. Nxd4 Be7 5. Nc3 d6 6. Be3 Nf6 7. Be2 Nxd4 8. Qxd4 0-0 9. h3 c5 10. Qd3 a6 11. 0-0 b5 12. Bf3 Bb7 13. Rfd1 Qd7 14. Bg5 Ne8 15. Bxe7 Qxe7 16. Nd5 Bxd5 17. Qxd5 Nc7 18. Qc6 Rfd8 19. Rd2 Ne6 20. e5 Nd4 21. Qxa8 Rxa8 22. Bxa8 Qxe5 23. g3 Qf6 24. Re1 h6 25. Re8+ Kh7 26. Re3 g6 27. Kg2 Qd8 28. Bf3 Kg7 29. c3 Nf5 30. Red3 Qg5 31. Bg4 a5 32. Bxf5 Qxf5 33. Rxd6 Qe4+ 34. f3 Qa4 35. a3 b4 36. axb4 axb4 37. cxb4 Qxb4 38. Kf2 c4 39. R6d4 Qc5 40. f4 f6 41. Kf3 g5 42. fxg5 hxg5 43. h4 1/2-1/2